[Event "HCL-A081"]
[Site "www.playchess.de"]
[Date "2001.02.20"]
[Round "1"]
[White "peze"]
[Black "paule"]
[WhiteElo "1970"]
[BlackElo "1960"]
[PlyCount "45"]
[Result "1/2-1/2"]

1.e4 {Hello again! :-))}  e6 {I'm very glad to new 
"meeting"! But I am anxious that I can not pick up 
a key to your game.}  2.d4 {Why?  You're a very 
good and versatile chessplayer!}  d5 {Thx:) But 
3:2 in your favour...}  3.Nd2 {...temporary!}  c5 
{You have perfect knowledge of the theory of 
opening. Are You professional player?}  4.Ngf3 
{"French Def./ Tarrasch Var." I'm Hobby-Player, 
but >40 years experience. :-)and many time.}  Nc6 
{I play Tarrasch var. against French too. But I do 
not love this variant, when I play Black.}  5.exd5 
{:-))}  exd5 6.Bb5 cxd4 7.O-O {Sxd4 is tempting 
but ... ;-)}  Bd6 {In my opinion, I have admitted 
rearrangement moves and has deviated the basic 
variant :(}  8.Nb3 {Do you think 6. ... Ld6}  Nge7 
{Yes. But I think, we have one variant from basics 
positions now. Am I right?}  9.Nbxd4 {Yes}  O-O 
10.Be3 Qc7 11.h3 a6 12.Bd3 Ng6 13.Re1 Re8 14.Bxg6 
{Alternative = c3  What is better ?}  hxg6 {May 
be, this moves =. You have initiative in both 
variants. I hope, my Bishops will help me :)}  
15.c3 Bd7 16.Qd2 Rac8 17.Rad1 Nxd4 18.Qxd4 Bc6 
19.Ng5 Be7 20.Qh4 Bxg5 21.Qxg5 Re4 22.Bd4 Rce8 
{Dry position. Bishops of opposite color. I hope, 
I have not offended you by the offer.}  23.Rxe4 
{Unequal bishops! Rightly! I hope for a next game. 
See you later my friend! :-)}  1/2-1/2

[Event "HCL-B184"]
[Site "www.playchess.de"]
[Date "2001.02.20"]
[Round "13"]
[White "quant"]
[Black "dg"]
[WhiteElo "1260"]
[BlackElo "1076"]
[PlyCount "43"]
[Result "1/2-1/2"]

1.e4 {hi good luck}  e5 2.Nf3 Nc6 3.Bb5 d6 4.Nc3 
Nge7 5.d4 exd4 6.Nxd4 Bd7 7.Bg5 Nxd4 8.Qxd4 a6 
9.Bc4 Be6 10.Nd5 Bxd5 11.Bxd5 f6 12.Be3 c6 13.Be6 
Qa5+ 14.Bd2 Qe5 15.Qxe5 dxe5 16.O-O-O Ng6 17.h4 
Bc5 18.f3 Ke7 19.Bf5 Rad8 20.h5 Nf8 21.Bc3 Be3+ 
22.Bd2 1/2-1/2

[Event "HCL-B185"]
[Site "www.playchess.de"]
[Date "2001.02.20"]
[Round "16"]
[White "real1"]
[Black "Translightor"]
[WhiteElo "1200"]
[BlackElo "1413"]
[PlyCount "102"]
[Result "0-1"]

1.d4 {hello, good luck}  d5 {Good luck to you too, 
and welcome at playchess!}  2.c4 {hello, good 
luck}  e6 3.Nf3 {thanks}  Nf6 4.Bg5 Be7 5.Nc3 O-O 
6.e3 h6 7.Bxf6 Bxf6 8.g3 c6 9.c5 a5 10.Bg2 b6 
11.Na4 b5 12.Nc3 Nd7 13.O-O e5 14.a4 b4 15.Ne2 Ba6 
16.Re1 Re8 17.Qc2 Qc7 18.Rad1 Re7 19.b3 Rae8 
20.Bh3 Bxe2 21.Rxe2 exd4 22.Nxd4 Bxd4 23.Rxd4 Qa7 
24.Bxd7 Qxd7 25.Qd3 Qa7 26.Qc2 Qa6 27.Re1 Qa7 
28.Kg2 R7e5 29.h4 R8e6 30.Qc1 Qe7 31.Kf1 Qf6 
32.Qc2 g5 33.hxg5 hxg5 34.Ke2 Rf5 35.Rf1 Rxf2+ 
36.Rxf2 Qxd4 37.Kf1 {well done}  Qxe3 {That was 
lucky. We had been running for a draw.}  38.Qf5 
Qe1+ 39.Kg2 Qe4+ 40.Qf3 Rf6 {This pawn ending 
should be no problem.}  41.Qxe4 {if you say so}  
Rxf2+ 42.Kxf2 dxe4 43.Ke3 f5 44.g4 f4+ 45.Kxe4 Kf7 
46.Kd4 Kf6 47.Ke4 Ke6 48.Kd4 f3 49.Ke3 Kd5 50.Kxf3 
Kd4 51.Kf2 Kc3 0-1

[Event "HCL-A077"]
[Site "www.playchess.de"]
[Date "2001.02.20"]
[Round "7"]
[White "JL"]
[Black "paule"]
[WhiteElo "1800"]
[BlackElo "1960"]
[PlyCount "32"]
[Result "0-1"]

1.f4 e5 2.fxe5 d6 3.exd6 Bxd6 4.Nf3 g5 5.d4 g4 
6.Ng5 Qe7 7.Qd3 f5 8.h3 Nf6 9.c3 h6 10.hxg4 Nxg4 
11.Nh3 Qh4+ 12.Kd1 Nc6 13.Bd2 Ne7 14.Be1 Qh5 
15.Nd2 Be6 16.Nc4 Bxc4 0-1

[Event "HCL-B189"]
[Site "www.playchess.de"]
[Date "2001.02.20"]
[Round "1"]
[White "assmonkey"]
[Black "rockmountain"]
[WhiteElo "1048"]
[BlackElo "761"]
[PlyCount "43"]
[Result "1/2-1/2"]

1.e4 {Good luck}  e5 {good luck to you}  2.Nf3 Nc6 
3.Bb5 Nf6 4.O-O Bd6 5.d4 O-O 6.d5 Nxe4 7.dxc6 dxc6 
8.Bd3 Nc5 9.Re1 Re8 10.Nc3 Bg4 11.b3 Nxd3 12.cxd3 
Bb4 13.Bd2 Bxc3 14.Bxc3 a5 15.d4 f6 16.dxe5 Qxd1 
17.Raxd1 b6 18.Rd7 Bxd7 19.exf6 gxf6 20.Bxf6 Re6 
21.Rxe6 Bxe6 22.Nd4 1/2-1/2

[Event "ACL-A030"]
[Site "www.playchess.de"]
[Date "2001.02.20"]
[Round "1"]
[White "GarryKarpov"]
[Black "arsenic"]
[WhiteElo "1500"]
[BlackElo "1500"]
[PlyCount "33"]
[Result "1-0"]

1.d4 Nf6 2.c4 e6 3.Nc3 Bb4 4.Qc2 Nc6 5.Nf3 d5 6.a3 
Bxc3+ 7.Qxc3 Ne4 8.Qc2 h6 9.Bf4 g5 10.Be3 g4 
11.Ne5 Nxe5 12.dxe5 Bd7 13.g3 f6 14.f3 gxf3 
15.exf3 Ng5 16.Qg6+ Ke7 17.Bc5+ 1-0

[Event "ACL-A030"]
[Site "www.playchess.de"]
[Date "2001.02.20"]
[Round "2"]
[White "Sebastian"]
[Black "GarryKarpov"]
[WhiteElo "1500"]
[BlackElo "1500"]
[PlyCount "52"]
[Result "0-1"]

1.Nf3 Nf6 2.e4 Nxe4 3.d3 Nf6 4.Nc3 g6 5.Be3 Bg7 
6.d4 d6 7.Bc4 c6 8.g4 Bxg4 9.h3 Bh5 10.Bg5 Qa5 
11.Qe2 Bxf3 12.Qxf3 Qxg5 13.Ne4 Qa5+ 14.Qc3 Qxc3+ 
15.Nxc3 Nbd7 16.Rd1 Nb6 17.f4 Nxc4 18.b3 Ne3 
19.Rd3 Nxc2+ 20.Kd1 Nb4 21.Re3 Nfd5 22.Nxd5 Nxd5 
23.Re2 Bxd4 24.Rhe1 Nc3+ 25.Kd2 Nxe2 26.Rxe2 
e5 0-1

[Event "ACL-A030"]
[Site "www.playchess.de"]
[Date "2001.02.20"]
[Round "7"]
[White "NHASTRO"]
[Black "GarryKarpov"]
[WhiteElo "1500"]
[BlackElo "1500"]
[PlyCount "44"]
[Result "0-1"]

1.e4 e6 2.Nc3 d5 3.d3 Nf6 4.h3 dxe4 5.d4 b6 6.Bb5+ 
c6 7.Bc4 Bb4 8.Bd2 Qxd4 9.Qe2 Nbd7 10.Be3 Bxc3+ 
11.Bd2 Bxd2+ 12.Qxd2 Qxc4 13.Ne2 Ba6 14.O-O-O Qxe2 
15.Qxe2 Bxe2 16.Rde1 Ba6 17.f3 exf3 18.gxf3 O-O-O 
19.Kb1 Nd5 20.b3 e5 21.Kb2 f6 22.Re2 
Bxe2 0-1

[Event "ACL-A030"]
[Site "www.playchess.de"]
[Date "2001.02.20"]
[Round "8"]
[White "arsenic"]
[Black "NHASTRO"]
[WhiteElo "1500"]
[BlackElo "1500"]
[PlyCount "75"]
[Result "1-0"]

1.e4 e5 2.Nf3 Nf6 3.Nxe5 Nxe4 4.Qe2 d6 5.Qxe4 dxe5 
6.Qxe5+ Be6 7.Bc4 Qe7 8.Bxe6 fxe6 9.O-O Nd7 
10.Qxc7 b6 11.Nc3 a6 12.d3 Qd6 13.Qxd6 Bxd6 14.Ne4 
Be5 15.c3 b5 16.f4 Bf6 17.Nxf6+ Nxf6 18.f5 exf5 
19.Rxf5 O-O 20.Bg5 Nd7 21.Rxf8+ Rxf8 22.Rf1 h6 
23.Be7 Rf7 24.Rxf7 Kxf7 25.Bb4 g5 26.Kf2 Ne5 27.d4 
Nd3+ 28.Ke3 Nxb2 29.d5 Ke8 30.d6 Kd7 31.Ke4 Nc4 
32.Kd5 a5 33.Bc5 a4 34.a3 Ne3+ 35.Ke4 Nxg2 36.Kf5 
Kc6 37.Kg6 Kxc5 38.d7 1-0

[Event "ACL-A030"]
[Site "www.playchess.de"]
[Date "2001.02.20"]
[Round "11"]
[White "GarryKarpov"]
[Black "Robama"]
[WhiteElo "1500"]
[BlackElo "1500"]
[PlyCount "71"]
[Result "1-0"]

1.d4 e6 2.c4 Bb4+ 3.Nd2 Nc6 4.Ngf3 Nh6 5.a3 Ba5 
6.b4 Bb6 7.c5 O-O 8.Bb2 Nf5 9.Nc4 d5 10.Nce5 a5 
11.cxb6 cxb6 12.b5 Na7 13.e3 f6 14.Nd3 Nxb5 15.Be2 
Nfd6 16.a4 Na7 17.Ba3 Nc4 18.Bxf8 Qxf8 19.Qb1 Qf7 
20.O-O g5 21.Rd1 Nc6 22.Nd2 Nd6 23.Qxb6 Qe8 24.Nc5 
Nb4 25.Qxd6 Nc2 26.Bb5 Qf7 27.Ra2 Nb4 28.Rb2 Na6 
29.Rc1 Nc7 30.Nxb7 Nxb5 31.Rxb5 Bxb7 32.Rc7 Rd8 
33.Qxd8+ Kg7 34.Rbxb7 h5 35.Rcxf7+ Kg6 
36.Qxf6+ 1-0

[Event "ACL-A030"]
[Site "www.playchess.de"]
[Date "2001.02.20"]
[Round "15"]
[White "NHASTRO"]
[Black "Robama"]
[WhiteElo "1500"]
[BlackElo "1500"]
[PlyCount "58"]
[Result "0-1"]

1.e3 e6 2.Nc3 Nh6 3.Nf3 Nc6 4.d4 Nf5 5.g3 Na5 6.e4 
Nh6 7.e5 d6 8.exd6 Qxd6 9.Nd5 exd5 10.Qe2+ Be7 
11.Bg2 Qb4+ 12.c3 Qa4 13.O-O Nf5 14.b3 Nxb3 15.Qc2 
b5 16.Bb2 Nxa1 17.Qb1 b4 18.Bxa1 Rb8 19.cxb4 Rxb4 
20.Nd2 Rxb1 21.Rxb1 Ba6 22.Rb2 O-O 23.Bxd5 Nxd4 
24.Kg2 Rd8 25.h4 Qd1 26.Nb3 Nf5 27.Bf3 Bxh4 
28.gxh4 Nxh4+ 29.Kg3 Nxf3 0-1

[Event "ACL-A030"]
[Site "www.playchess.de"]
[Date "2001.02.20"]
[Round "16"]
[White "cobango_00"]
[Black "GarryKarpov"]
[WhiteElo "1500"]
[BlackElo "1500"]
[PlyCount "34"]
[Result "0-1"]

1.e4 Nf6 2.e5 Ng8 3.d4 d5 4.Nc3 Bf5 5.Bd3 Bxd3 
6.Qxd3 e6 7.Qb5+ Nd7 8.Qxb7 Ne7 9.Nb5 Rc8 10.Qxa7 
Nc6 11.Qb7 Na5 12.Qa7 c5 13.Bd2 Nc6 14.Qb7 cxd4 
15.Nf3 Nc5 16.Qxc8 Qxc8 17.Bb4 
Nxb4 0-1

[Event "ACL-A030"]
[Site "www.playchess.de"]
[Date "2001.02.20"]
[Round "17"]
[White "arsenic"]
[Black "cobango_00"]
[WhiteElo "1500"]
[BlackElo "1500"]
[PlyCount "29"]
[Result "1-0"]

1.e4 e5 2.Nf3 Nf6 3.Nxe5 d6 4.Nf3 Nxe4 5.Qe2 Qe7 
6.d4 d5 7.Be3 Nc6 8.c3 Bg4 9.Nbd2 Nxd2 10.Bxd2 
Bxf3 11.Qxe7+ Bxe7 12.gxf3 O-O 13.Bb5 Na5 14.Rg1 
g6 15.c4 1-0

[Event "ACL-A030"]
[Site "www.playchess.de"]
[Date "2001.02.20"]
[Round "18"]
[White "cobango_00"]
[Black "Sebastian"]
[WhiteElo "1500"]
[BlackElo "1500"]
[PlyCount "32"]
[Result "0-1"]

1.d4 d5 2.c4 dxc4 3.Nc3 Nc6 4.e3 Nf6 5.Bxc4 Bg4 
6.Nf3 g6 7.h3 b5 8.Bxb5 Bxf3 9.Bxc6+ Bxc6 10.f3 
Bg7 11.e4 e6 12.Bg5 O-O 13.e5 Nh5 14.Bxd8 Raxd8 
15.O-O Bh6 16.Re1 f5 0-1

[Event "ACL-A030"]
[Site "www.playchess.de"]
[Date "2001.02.20"]
[Round "20"]
[White "cobango_00"]
[Black "NHASTRO"]
[WhiteElo "1500"]
[BlackElo "1500"]
[PlyCount "26"]
[Result "0-1"]

1.e4 e5 2.Nf3 Nf6 3.Nxe5 Nxe4 4.d4 d5 5.Bd3 Qf6 
6.O-O Bd6 7.Bxe4 dxe4 8.f4 O-O 9.Nc3 Qf5 10.Nd5 c6 
11.Ne3 f6 12.Nxf5 Bxf5 13.Nc4 Rd8 0-1

[Event "ACL-A030"]
[Site "www.playchess.de"]
[Date "2001.02.20"]
[Round "21"]
[White "Robama"]
[Black "cobango_00"]
[WhiteElo "1500"]
[BlackElo "1500"]
[PlyCount "31"]
[Result "1-0"]

1.e3 e5 2.Qh5 Nc6 3.Bb5 Nf6 4.Qg5 h6 5.Qg3 Ne4 
6.Qf3 d5 7.c4 Bb4 8.a3 Bc5 9.Nh3 a6 10.Ba4 Bd7 
11.cxd5 Ng5 12.Qg3 Ne7 13.Nxg5 Bxa4 14.Nc3 hxg5 
15.Nxa4 Qxd5 16.Qxg5 1-0

[Event "ACL-A063"]
[Site "www.playchess.de"]
[Date "2001.02.20"]
[Round "20"]
[White "BOB"]
[Black "TheBoss"]
[WhiteElo "1638"]
[BlackElo "1500"]
[PlyCount "38"]
[Result "1/2-1/2"]

1.e4 e6 2.d4 d5 3.Nc3 Bb4 4.e5 c5 5.a3 Bxc3+ 
6.bxc3 Ne7 7.Qg4 O-O 8.Bd3 c4 9.Bh6 Ng6 10.Bxg6 
fxg6 11.Be3 Qa5 12.Ne2 Nc6 13.h4 Qa4 14.Ra2 Rf5 
15.O-O Bd7 16.Rb1 b6 17.Ng3 Rf7 18.h5 gxh5 19.Nxh5 
Kh8 1/2-1/2

[Event "HCL-A018"]
[Site "www.playchess.de"]
[Date "2001.02.21"]
[Round "9"]
[White "jebster"]
[Black "teenspirit"]
[WhiteElo "1700"]
[BlackElo "1700"]
[PlyCount "102"]
[Result "1/2-1/2"]

1.d4 Nf6 2.c4 c5 3.d5 d6 4.Nc3 g6 5.Nf3 Bg7 6.e4 
O-O 7.Be2 Na6 8.O-O Nc7 9.a4 b6 10.h3 a6 11.Bf4 
Rb8 12.Qc2 Bd7 13.Bd3 b5 14.axb5 axb5 15.b3 b4 
16.Ne2 Nh5 17.Ra7 Nxf4 18.Nxf4 Ra8 19.Qa2 Rxa7 
20.Qxa7 Qb8 21.Qa2 Qb7 22.Qc2 Ra8 23.Re1 Bc3 
24.Rb1 Ra3 25.Ne2 Bg7 26.Nd2 Qa6 27.f4 Ra2 28.Qd1 
e6 29.Nf3 exd5 30.cxd5 Bb5 31.Nc1 Ra1 32.Kh1 Rxb1 
33.Bxb1 c4 34.bxc4 Bxc4 35.Nd2 Qb5 36.Nxc4 Qxc4 
37.Bd3 Qc3 38.Ne2 Qa3 39.Nc1 Na6 40.Nb3 Nc5 
41.Nxc5 dxc5 42.e5 Qc3 43.d6 Qd4 44.Be2 Qxd1+ 
45.Bxd1 Kf8 46.Bb3 g5 47.g3 gxf4 48.gxf4 Bh6 49.f5 
Bf4 50.d7 Ke7 51.e6 fxe6 1/2-1/2

[Event "HCL-A037"]
[Site "www.playchess.de"]
[Date "2001.02.21"]
[Round "3"]
[White "Spade"]
[Black "P1902"]
[WhiteElo "2055"]
[BlackElo "1700"]
[PlyCount "44"]
[Result "0-1"]

1.e4 b6 2.d4 Bb7 3.Bd3 e6 4.Nf3 c5 5.O-O Be7 
6.dxc5 bxc5 7.Nc3 Nc6 8.e5 Qb8 9.Bf4 Nb4 10.Be2 
Nd5 11.Nxd5 Bxd5 12.c4 Bc6 13.Qd2 Qb4 14.Qxb4 cxb4 
15.Rfd1 Bc5 16.Nd4 Ne7 17.Nxc6 Nxc6 18.Rd2 Ke7 
19.Rad1 Rhd8 20.Bf3 Rac8 21.Be4 h6 22.Kf1 
Ke8 0-1

[Event "HCL-A054"]
[Site "www.playchess.de"]
[Date "2001.02.21"]
[Round "11"]
[White "klypp"]
[Black "sthota"]
[WhiteElo "2144"]
[BlackElo "1700"]
[PlyCount "27"]
[Result "1-0"]

1.e4 e5 2.Nf3 Nc6 3.Bb5 a6 4.Ba4 Nf6 5.O-O b5 
6.Bb3 Be7 7.Re1 d6 8.c3 O-O 9.h3 Na5 10.Bc2 Bb7 
11.d3 c5 12.Nbd2 Rc8 13.Nf1 c4 
14.Ng3 1-0

[Event "HCL-A054"]
[Site "www.playchess.de"]
[Date "2001.02.21"]
[Round "36"]
[White "Mathemagician"]
[Black "Flemming"]
[WhiteElo "1586"]
[BlackElo "1900"]
[PlyCount "43"]
[Result "1/2-1/2"]

1.e4 c6 2.d4 d5 3.Nc3 dxe4 4.Nxe4 Nf6 5.Nxf6+ gxf6 
6.Nf3 Bf5 7.Bd3 Bg6 8.O-O Qc7 9.c4 Nd7 10.Re1 
O-O-O 11.b4 e6 12.a3 Rg8 13.Bxg6 hxg6 14.Qa4 Kb8 
15.b5 c5 16.Bb2 g5 17.Qc2 Rh8 {Let's go further - 
both kings are kind of volatile so something will 
probably happen!}  18.dxc5 Bxc5 19.Re4 Rh6 20.Rd1 
Bd6 21.h3 Nc5 22.Red4 1/2-1/2

[Event "HCL-A055"]
[Site "www.playchess.de"]
[Date "2001.02.21"]
[Round "2"]
[White "damage_kase"]
[Black "chainedpawn"]
[WhiteElo "1354"]
[BlackElo "1755"]
[PlyCount "33"]
[Result "1-0"]

1.d4 Nf6 2.Nf3 g6 3.e3 Bg7 4.Bd3 O-O 5.Nbd2 d6 
6.c3 Re8 7.O-O e5 8.e4 exd4 9.cxd4 d5 10.exd5 Nxd5 
11.Nb3 Bg4 12.Bg5 Bxf3 13.Qxf3 Qxg5 14.Bc4 c6 
15.Rab1 b6 16.Rfe1 Nd7 17.Re2 1-0

[Event "HCL-A055"]
[Site "www.playchess.de"]
[Date "2001.02.21"]
[Round "4"]
[White "chainedpawn"]
[Black "Machiavelli_________"]
[WhiteElo "1755"]
[BlackElo "1734"]
[PlyCount "32"]
[Result "0-1"]

1.Nf3 Nf6 2.g3 c5 3.Bg2 d5 4.O-O e6 5.d3 Bd6 6.c4 
O-O 7.cxd5 exd5 8.Bg5 Nbd7 9.e4 h6 10.Bxf6 Qxf6 
11.Qc2 dxe4 12.dxe4 Re8 13.Nc3 Nb6 14.Nd5 Nxd5 
15.exd5 Bg4 16.Nd2 Re2 0-1

[Event "HCL-A056"]
[Site "www.playchess.de"]
[Date "2001.02.21"]
[Round "4"]
[White "janb"]
[Black "Henk"]
[WhiteElo "1700"]
[BlackElo "1700"]
[PlyCount "39"]
[Result "1-0"]

1.e4 c5 2.Nf3 d6 3.d4 cxd4 4.Nxd4 Nf6 5.Nc3 a6 
6.Be2 e6 7.Be3 Be7 8.O-O O-O 9.f4 Qc7 10.Bf3 Nbd7 
11.Qd2 Re8 12.Rad1 Bf8 13.a4 e5 14.Nf5 d5 15.exd5 
e4 16.Be2 Qa5 17.Nd4 Qb4 18.Nb3 Nb6 19.d6 Ng4 
20.Bc5 1-0

[Event "HCL-A061"]
[Site "www.playchess.de"]
[Date "2001.02.21"]
[Round "14"]
[White "gelus"]
[Black "Chapo"]
[WhiteElo "1700"]
[BlackElo "1700"]
[PlyCount "79"]
[Result "1/2-1/2"]

1.d4 Nf6 2.c4 b6 3.Nc3 Bb7 4.Qc2 d5 5.cxd5 Nxd5 
6.e4 Nxc3 7.bxc3 e6 8.Nf3 Be7 9.Bb5+ c6 10.Bd3 h6 
11.O-O Nd7 12.Bf4 Nf6 13.Rfd1 O-O 14.e5 Nd5 15.Bd2 
c5 16.a3 Rc8 17.dxc5 Bxc5 18.c4 Qe7 19.Bh7+ Kh8 
20.Be4 f5 21.f6 Nxf6 22.Bxb7 Qxb7 23.Bb4 Nh5 
24.Bxc5 Rxc5 25.Rd4 Nf4 26.Qe4 Nh3+ 27.Kf1 Qf7 
28.Ra2 Rf5 29.Rdd2 Qf6 30.Rde2 Nf4 31.Re3 Rd8 
32.Ne1 a5 33.g3 Nh3 34.Nf3 Rf8 35.Kg2 Ng5 36.Nxg5 
Rxf2+ 37.Rxf2 Qxf2+ 38.Kh3 hxg5 39.Qxe6 Rf6 
40.Qe4 1/2-1/2

[Event "HCL-A064"]
[Site "www.playchess.de"]
[Date "2001.02.21"]
[Round "20"]
[White "tim_danieli"]
[Black "Werner"]
[WhiteElo "1761"]
[BlackElo "1858"]
[PlyCount "44"]
[Result "0-1"]

1.e4 Nf6 2.e5 Nd5 3.d4 d6 4.Nf3 g6 5.Bc4 Nb6 6.Bb3 
Nc6 7.h3 dxe5 8.dxe5 Qxd1+ 9.Kxd1 Bg7 10.Re1 O-O 
11.Re2 a5 12.a4 Bf5 13.Bf4 Rad8+ 14.Nbd2 Nd5 
15.Bg3 Ncb4 16.Nh4 Be6 17.Rc1 Nb6 18.Ke1 Bh6 
19.Nhf3 Bxb3 20.cxb3 Nd3+ 21.Kd1 Nxc1 22.Kxc1 
Nd5 0-1

[Event "HCL-B068"]
[Site "www.playchess.de"]
[Date "2001.02.21"]
[Round "4"]
[White "abed"]
[Black "trolo"]
[WhiteElo "2043"]
[BlackElo "1798"]
[PlyCount "61"]
[Result "1-0"]

1.e4 c5 2.f4 e6 3.Nf3 d5 4.e5 Nc6 5.c3 f6 6.d4 a6 
7.Be2 Bd7 8.O-O Qb6 9.Kh1 O-O-O 10.b3 fxe5 11.dxe5 
g6 12.Ng5 Nh6 13.a4 Be7 14.c4 Nd4 15.Nd2 Nxe2 
16.Qxe2 d4 17.a5 Qc6 18.Nde4 Rdf8 19.Bb2 Nf5 
20.Rfc1 Ne3 21.Qf3 h6 22.Nh3 g5 23.Nef2 Rhg8 
24.Nd3 g4 25.Qxc6+ Bxc6 26.Nhf2 Nxg2 27.Kg1 Nxf4 
28.Nxf4 Rxf4 29.Nd3 Rf3 30.Rcd1 g3 
31.Rd2 1-0

[Event "HCL-B070"]
[Site "www.playchess.de"]
[Date "2001.02.21"]
[Round "9"]
[White "Dictator"]
[Black "Whoaplayer"]
[WhiteElo "1075"]
[BlackElo "1200"]
[PlyCount "57"]
[Result "1-0"]

1.e4 e5 2.f4 exf4 3.Nf3 d6 4.Bb5+ c6 5.Bc4 Bg4 
6.Be2 Bxf3 7.Bxf3 Nd7 8.O-O Ngf6 9.e5 dxe5 10.d4 
Bd6 11.dxe5 Bxe5 12.Nc3 O-O 13.Bd2 Re8 14.Ne4 Rc8 
15.Nxf6+ Nxf6 16.Rc1 h6 17.Bc3 Qb6+ 18.Kh1 Bxc3 
19.bxc3 a6 20.Rb1 Qc7 21.c4 Rcd8 22.c5 Rxd1 
23.Rfxd1 Kh8 24.a4 Kg8 25.c4 Kh8 26.a5 Qxa5 
27.Rba1 Qb4 28.Rab1 Qxc4 29.Rxb7 1-0

[Event "HCL-B087"]
[Site "www.playchess.de"]
[Date "2001.02.21"]
[Round "23"]
[White "Matu"]
[Black "rocking"]
[WhiteElo "1500"]
[BlackElo "1500"]
[PlyCount "49"]
[Result "1-0"]

1.e4 e6 2.d4 d5 3.e5 c5 4.c3 Nc6 5.Nf3 Bd7 6.a3 
cxd4 7.cxd4 Be7 8.b4 a6 9.Nbd2 f6 10.Bb2 fxe5 
11.Nxe5 Nf6 12.Nxd7 Qxd7 13.Nf3 O-O 14.Bd3 Rac8 
15.Qe2 Ne8 16.O-O Bf6 17.b5 axb5 18.Bxb5 Qe7 
19.Rfe1 Nd6 20.Bxc6 Rxc6 21.Qxe6+ Qxe6 22.Rxe6 Nc4 
23.Rxc6 bxc6 24.Bc1 Ra8 25.a4 1-0

[Event "HCL-B097"]
[Site "www.playchess.de"]
[Date "2001.02.21"]
[Round "6"]
[White "Doro"]
[Black "Marsupilami"]
[WhiteElo "1500"]
[BlackElo "1200"]
[PlyCount "71"]
[Result "1-0"]

1.e4 c5 2.Nf3 d6 3.d4 cxd4 4.Nxd4 Nf6 5.Nc3 e6 
6.a4 Be7 7.Be2 O-O 8.Be3 Qc7 9.O-O a6 10.f4 Bd7 
11.Kh1 Nc6 12.Qe1 Rac8 13.Qg3 Nxd4 14.Bxd4 Bc6 
15.Bf3 d5 16.Be5 Qa5 17.exd5 Bxd5 18.Ne4 Bxe4 
19.Bxe4 b5 20.axb5 Qxb5 21.Bd3 Qd5 22.Rxa6 g6 
23.Qh4 Qd8 24.Qh6 Re8 25.Raa1 {Ich wünsche dir 
noch alles Gute im neuen Jahr!}  Bf8 26.Qh4 Nd5 
{Danke Gleichfalls (Neujahrswünsche)}  27.Qg3 Bg7 
28.Bxg7 Kxg7 29.Bb5 Re7 30.c4 Nb6 31.b3 Rec7 32.h3 
Qd6 33.Rfd1 Qb4 34.Qe3 R7c5 35.Rd6 Na8 
36.Ra4 1-0

[Event "HCL-B106"]
[Site "www.playchess.de"]
[Date "2001.02.21"]
[Round "5"]
[White "polemicz"]
[Black "peze"]
[WhiteElo "1500"]
[BlackElo "1818"]
[PlyCount "64"]
[Result "0-1"]

1.e4 e5 2.Nf3 Nf6 3.Nxe5 d6 4.Nf3 Nxe4 5.d4 d5 
6.Bd3 Be6 7.O-O Be7 8.Re1 f5 9.Nc3 O-O 10.Ne2 Nc6 
11.c3 Re8 12.Bf4 a6 13.Be5 Nxe5 14.Nxe5 Bg5 15.Bc2 
Qd6 16.Ng3 Bf6 17.Qh5 g6 18.Qh6 Qb6 19.Nxe4 dxe4 
20.Ba4 c6 21.b4 Bxe5 22.dxe5 Qc7 23.Qf4 Bc4 24.f3 
Qxe5 25.Qxe5 Rxe5 26.fxe4 fxe4 27.Re3 Bd3 28.Rae1 
Rf5 29.Bd1 a5 30.a4 axb4 31.cxb4 Kg7 32.Bb3 {this 
looks pretty bad}  Raf8 {...for white} 
 0-1

[Event "HCL-B106"]
[Site "www.playchess.de"]
[Date "2001.02.21"]
[Round "6"]
[White "Yogibear"]
[Black "polemicz"]
[WhiteElo "1951"]
[BlackElo "1500"]
[PlyCount "63"]
[Result "1-0"]

1.Nf3 Nf6 2.g3 d5 3.Bg2 e6 4.c4 Be7 5.O-O O-O 6.d4 
dxc4 7.Qc2 a6 8.a4 Bd7 9.Qxc4 Bc6 10.Bg5 a5 
11.Nbd2 Na6 12.Rfc1 Qd6 13.Bf4 Qb4 14.Qxb4 Bxb4 
15.Nc4 Nd7 16.Nfd2 Bxg2 17.Kxg2 c5 18.e3 cxd4 
19.exd4 Rac8 20.Ne4 Rc6 21.Ncd6 Rb8 22.Rxc6 bxc6 
23.Rc1 Bxd6 24.Bxd6 Rb6 25.Nd2 Nb4 26.Nc4 Ra6 
27.Bc7 Ra8 28.Bxa5 Nd3 29.Rb1 Nf6 30.b4 Nd5 31.b5 
cxb5 32.axb5 1-0

[Event "HCL-B109"]
[Site "www.playchess.de"]
[Date "2001.02.21"]
[Round "8"]
[White "Nulnulnix"]
[Black "DTG007"]
[WhiteElo "820"]
[BlackElo "1021"]
[PlyCount "33"]
[Result "1-0"]

1.d4 Nf6 2.Nc3 d5 3.Nf3 b6 4.e3 e6 5.Ne5 Nbd7 
6.Bb5 Bd6 7.Bc6 Rb8 8.Nb5 a6 9.Na7 O-O 10.Nxc8 
Qxc8 11.Nxd7 Nxd7 12.Qf3 a5 13.e4 dxe4 14.Bxe4 e5 
15.c3 exd4 16.cxd4 Re8 17.O-O 1-0

[Event "HCL-B122"]
[Site "www.playchess.de"]
[Date "2001.02.21"]
[Round "7"]
[White "Jeff_Foster"]
[Black "sarek"]
[WhiteElo "1231"]
[BlackElo "916"]
[PlyCount "63"]
[Result "1-0"]

1.e4 e6 2.d4 d5 3.Nc3 Bb4 4.e5 c5 5.a3 Ba5 6.b4 
cxd4 7.Qxd4 Bb6 8.Qd2 Nc6 9.Nf3 Nge7 10.b5 Na5 
11.Bd3 Nc4 12.Bxc4 dxc4 13.Qxd8+ Kxd8 14.O-O Bd7 
15.Ne4 Bxb5 16.Nd6 Be8 17.Nxb7+ Kc7 18.Nd6 c3 
19.Ng5 f6 20.Nxe8+ Raxe8 21.Nxe6+ Kd7 22.Nxg7 Reg8 
23.Rd1+ Kc6 24.Rd6+ Kb7 25.Rd7+ Ka6 26.Rxe7 fxe5 
27.Be3 Bd4 28.Bxd4 exd4 29.Ne6 Rg4 30.Nc5+ Kb6 
31.Nd3 h5 32.Rb1+ 1-0

[Event "HCL-B128"]
[Site "www.playchess.de"]
[Date "2001.02.21"]
[Round "8"]
[White "Yogibear"]
[Black "Cronos"]
[WhiteElo "1866"]
[BlackElo "1500"]
[PlyCount "29"]
[Result "1-0"]

1.c4 e5 2.g3 d6 3.Nc3 c6 4.d4 Qf6 5.d5 c5 6.Bg2 
Be7 7.Nf3 h6 8.O-O Qg6 9.Be3 b6 10.Nxe5 dxe5 11.d6 
Bh4 12.Qd5 Nf6 13.Qxa8 Nfd7 14.gxh4 h5 
15.Qxa7 1-0

[Event "HCL-B131"]
[Site "www.playchess.de"]
[Date "2001.02.21"]
[Round "15"]
[White "PieceSeeker"]
[Black "MP"]
[WhiteElo "1396"]
[BlackElo "1500"]
[PlyCount "59"]
[Result "1-0"]

1.e4 c5 2.Nf3 d6 3.Bc4 Nf6 4.Nc3 e6 5.O-O Nc6 
6.Re1 Be7 7.d4 cxd4 8.Nxd4 O-O 9.Bb3 a6 10.Nxc6 
bxc6 11.e5 dxe5 12.Qxd8 Rxd8 13.Bg5 h6 14.Bh4 Kf8 
15.Rxe5 Bb7 16.Ne4 Nxe4 17.Bxe7+ Kxe7 18.Rxe4 Rd2 
19.Rb4 Ra7 20.Kf1 a5 21.Rc4 Ra8 22.Ke1 Rd6 23.c3 
Ba6 24.Rc5 Bb5 25.c4 Ba6 26.Rxa5 f5 27.Rd1 Rxd1+ 
28.Bxd1 Kd6 29.c5+ Ke5 30.Bf3 1-0

[Event "HCL-B135"]
[Site "www.playchess.de"]
[Date "2001.02.21"]
[Round "4"]
[White "dmitry"]
[Black "liero"]
[WhiteElo "1389"]
[BlackElo "1200"]
[PlyCount "33"]
[Result "1-0"]

1.e4 e5 2.Nf3 d6 3.Bc4 h6 4.Nc3 Nf6 5.d3 Be7 6.h3 
O-O 7.Be3 Nc6 8.Qd2 Nh7 9.O-O-O a6 10.d4 exd4 
11.Nxd4 Nxd4 12.Bxd4 b5 13.Be2 c5 14.Be3 b4 15.Nd5 
Be6 16.Nxe7+ Qxe7 17.Kb1 1-0

[Event "HCL-B143"]
[Site "www.playchess.de"]
[Date "2001.02.21"]
[Round "9"]
[White "Jeff_Foster"]
[Black "Pirate-Rebel"]
[WhiteElo "1272"]
[BlackElo "1400"]
[PlyCount "23"]
[Result "1-0"]

1.Nf3 Nf6 2.g3 d6 3.Bg2 g6 4.O-O Bg7 5.d3 Bg4 
6.Nbd2 Qd7 7.Ne5 Qb5 8.a4 Qxe5 9.Bxb7 Bxe2 10.Qe1 
Ng4 11.Bxa8 Qh5 12.h4 1-0

[Event "HCL-C074"]
[Site "www.playchess.de"]
[Date "2001.02.21"]
[Round "5"]
[White "Ewie"]
[Black "Petra"]
[WhiteElo "669"]
[BlackElo "1242"]
[PlyCount "97"]
[Result "1-0"]

1.e4 e5 2.Nf3 Nc6 3.Bc4 Nf6 4.O-O Bc5 5.d3 d5 
6.exd5 Nxd5 7.Qe1 O-O 8.Nxe5 Re8 9.Qe4 Nd4 10.Bxd5 
Nxc2 11.Nxf7 Kf8 12.Nxd8 Rxe4 13.dxe4 Nxa1 14.Nxb7 
Bd4 15.Rd1 c5 16.Na3 Rb8 17.Bf4 Bg4 18.Bd6+ Ke8 
19.Bxb8 Bxd1 20.Bc6+ Ke7 21.Nb5 a6 22.Nxd4 Nc2 
23.Nxc2 Bxc2 24.Nxc5 Kf6 25.e5+ Kf7 26.Bd7 g6 
27.Bd6 Bf5 28.e6+ Bxe6 29.Nxe6 Kf6 30.Nf8 Kg7 
31.a4 Kh6 32.Be5 g5 33.b4 Kh5 34.g3 g4 35.Ne6 Kg6 
36.b5 axb5 37.axb5 Kf5 38.Bc7 Kf6 39.b6 Ke7 40.Bc8 
Kf6 41.b7 Ke7 42.b8Q {%}  Kf6 43.Bd8+ Kg6 44.Nf4+ 
Kg7 45.Bf5 Kh6 46.Qb6+ Kg7 47.Bxh7 Kxh7 48.Qg6+ 
Kh8 49.Bf6+ 1-0

[Event "HCL-C119"]
[Site "www.playchess.de"]
[Date "2001.02.21"]
[Round "8"]
[White "mark609"]
[Black "Achilles"]
[WhiteElo "1000"]
[BlackElo "1000"]
[PlyCount "30"]
[Result "0-1"]

1.d4 d5 2.c4 dxc4 3.Nf3 Nf6 4.e3 g6 5.Bxc4 Bg7 
6.O-O O-O 7.Re1 Ne4 8.Bd3 Bf5 9.Nc3 Nxc3 10.bxc3 
c5 11.Bxf5 gxf5 12.Qd3 Qd7 13.e4 Nc6 14.Bb2 cxd4 
15.cxd4 f4 0-1